000 00503nam a22001817a 4500
001 TVUNI
005 20260126014632.0
008 221102s2012 vm vie d
020 _c280000
040 _aTVUNI
_eAACR2
041 0 _avie
100 1 _aNgô, Thế Chi
245 1 0 _aKế toán Việt Nam quá trình hình thành và phát triển tập 1 /
_cNgô Thế Chi
260 _aHà Nội :
_bTài Chính,
_c2012
300 _a435 tr. ;
_c24 cm.
942 _2ddc
_cBK
999 _c1994
_d1994
912 _a1
_bHiển Phạm